LEADER 02350oam 2200589 450 001 9910704281403321 005 20160112070936.0 035 $a(CKB)5470000002438858 035 $a(OCoLC)888490064 035 $a(EXLCZ)995470000002438858 100 $a20140822d1989 ua 0 101 0 $aeng 135 $aurbn||||||||| 181 $ctxt$2rdacontent 182 $cc$2rdamedia 183 $acr$2rdacarrier 200 10$aMineral resources of the Alvord Desert and East Alvord wilderness study areas, Harney and Malheur counties, Oregon /$fby Brent D. Turrin [and five others] 210 1$a[Reston, Va.] :$cDepartment of the Interior, U.S. Geological Survey,$d1989. 210 2$a[Washington, D.C.] :$cUnited States Government Printing Office. 215 $a1 online resource (v, 16 pages, 1 page of plates) $cillustrations, maps 225 1 $aU.S. Geological Survey bulletin ;$v1739-B 225 1 $aMineral resources of wilderness study areas--Alvord Desert region, Oregon ;$vch. B 225 1 $aStudies related to wilderness--Bureau of Land Management wilderness study areas 300 $aTitle from title screen (viewed Aug. 18, 2014). 320 $aIncludes bibliographical references. 606 $aGeology$zOregon$zAlvord Desert Wilderness 606 $aGeology$zOregon$zEast Alvord Wilderness 606 $aMines and mineral resources$zOregon$zAlvord Desert Wilderness 606 $aMines and mineral resources$zOregon$zEast Alvord Wilderness 606 $aGeology$2fast 606 $aMines and mineral resources$2fast 607 $aAlvord Desert Wilderness (Or.) 607 $aEast Alvord Wilderness (Or.) 607 $aOregon$zAlvord Desert Wilderness$2fast 607 $aOregon$zEast Alvord Wilderness$2fast 615 0$aGeology 615 0$aGeology 615 0$aMines and mineral resources 615 0$aMines and mineral resources 615 7$aGeology. 615 7$aMines and mineral resources. 700 $aTurrin$b Brent D.$01394063 712 02$aGeological Survey (U.S.), 801 0$bCOP 801 1$bCOP 801 2$bOCLCO 801 2$bOCLCF 801 2$bGPO 906 $aBOOK 912 $a9910704281403321 996 $aMineral resources of the Alvord Desert and East Alvord wilderness study areas, Harney and Malheur counties, Oregon$93531508 997 $aUNINA LEADER 02530 am 2200469 n 450 001 9910495734203321 005 20240104030430.0 010 $a2-940599-45-9 024 7 $a10.4000/books.contrechamps.678 035 $a(CKB)3710000001633166 035 $a(FrMaCLE)OB-contrechamps-678 035 $a(PPN)202674916 035 $a(EXLCZ)993710000001633166 100 $a20170516j|||||||| ||| 0 101 0 $afre 135 $auu||||||m|||| 200 00$aEntretiens avec Rossana Dalmonte$eÉcrits choisis$fLuciano Berio 210 $aGenève$cÉditions Contrechamps$d2016 215 $a1 online resource (192 p.) 311 $a2-940068-40-2 330 $aÀ travers ses entretiens avec Rossana Dalmonte et ses essais sur la musique, Luciano Berio (1925-2004) fait apparaître la profondeur et la générosité d'une pensée qui s'est développée indépendamment de celle de sa propre génération, et qui embrasse la totalité des formes musicales, au-delà des oppositions entre l'ancien et le nouveau, le savant et le populaire, la musique avant-gardiste et la musique de masse. C'est que Berio vise moins la dimension théorique en soi, se méfiant des formulations trop rigides ou des positions fondées sur des a priori idéologiques, qu'il n'accompagne son travail de compositeur d'une réflexion en actes, puisant à des sources telles que l'anthropologie, l'ethnomusicologie, la linguistique ou la musicologie. Sa lecture des ?uvres et des différentes musiques abordées se fait toujours de l'intérieur, mais sans jamais oublier que la musique est un fait social. Elle est parfois violemment critique, voire polémique, mais toujours éclairante, grâce à son ampleur et à sa justesse. Comme l'indique Martin Kaltenecker, traducteur des entretiens, les textes ici rassemblés constituent un document essentiel pour l'histoire de la musique du xxe siècle. 606 $aMusic 606 $acompositeurs 606 $amusique 606 $aentretiens 606 $amusicologie 606 $amusique contemporaine 615 4$aMusic 615 4$acompositeurs 615 4$amusique 615 4$aentretiens 615 4$amusicologie 615 4$amusique contemporaine 700 $aBerio$b Luciano$0479694 701 $aAlbèra$b Philippe$0706715 701 $aDalmonte$b Rossana$0155743 701 $aKaltenecker$b Martin$01307353 801 0$bFR-FrMaCLE 906 $aBOOK 912 $a9910495734203321 996 $aEntretiens avec Rossana Dalmonte$93657499 997 $aUNINA